21 Truths, Traditions, and Trends: (Record no. 3389)
[ view plain ]
| 000 -LEADER | |
|---|---|
| fixed length control field | 00585nam a2200193Ia 4500 |
| 003 - CONTROL NUMBER IDENTIFIER | |
| control field | GBCCL |
| 005 - DATE AND TIME OF LATEST TRANSACTION | |
| control field | 20241126110454.0 |
| 008 - FIXED-LENGTH DATA ELEMENTS--GENERAL INFORMATION | |
| fixed length control field | 171127b xxu||||| |||| 00| 0 eng d |
| 020 ## - INTERNATIONAL STANDARD BOOK NUMBER | |
| International Standard Book Number | 0-8054-9436-7 |
| 040 ## - CATALOGING SOURCE | |
| Transcribing agency | gbc |
| 082 ## - DEWEY DECIMAL CLASSIFICATION NUMBER | |
| Classification number | 268.01 |
| Item number | TAY |
| 100 ## - MAIN ENTRY--PERSONAL NAME | |
| Personal name | Taylor, Bill L. |
| 9 (RLIN) | 6913 |
| 245 ## - TITLE STATEMENT | |
| Title | 21 Truths, Traditions, and Trends: |
| Remainder of title | Propelling the Sunday School into the 21st century / |
| Statement of responsibility, etc. | Bill L. Taylor |
| 260 ## - PUBLICATION, DISTRIBUTION, ETC. | |
| Name of publisher, distributor, etc. | Convention Press, |
| Place of publication, distribution, etc. | Nashville: |
| Date of publication, distribution, etc. | 1996 |
| 300 ## - PHYSICAL DESCRIPTION | |
| Extent | 191p.; |
| Dimensions | 23 cm. |
| 650 ## - SUBJECT ADDED ENTRY--TOPICAL TERM | |
| Topical term or geographic name entry element | Religious Education |
| Form subdivision | Philosophy |
| 9 (RLIN) | 6914 |
| 650 ## - SUBJECT ADDED ENTRY--TOPICAL TERM | |
| Topical term or geographic name entry element | Teaching |
| 9 (RLIN) | 6016 |
| 942 ## - ADDED ENTRY ELEMENTS (KOHA) | |
| Source of classification or shelving scheme | Dewey Decimal Classification |
| Koha item type | Books |
| Koha issues (borrowed), all copies | 1 |
| Withdrawn status | Lost status | Source of classification or shelving scheme | Damaged status | Not for loan | Home library | Current Library | Shelving location | Date acquired | Total checkouts | Full call number | Barcode | Date last seen | Date last checked out | Copy number | Price effective from | Koha item type |
|---|---|---|---|---|---|---|---|---|---|---|---|---|---|---|---|---|
| Dewey Decimal Classification | GRACE BIBLE COLLEGE | GRACE BIBLE COLLEGE | Ministry & Mission | 2017-11-27 | 1 | 268.01 TAY | 008429 | 2025-05-01 | 2018-09-03 | c.1 | 2017-11-27 | Books |